Sports Quiz

Random Sports or NBA Quiz

NBA: Triple-doubles (points, rebounds, blocks) Quiz Stats

 Plays Quiz not verified by Sporcle

Score 0/15 Timer 05:00
0 Plays Today
Year % Correct
1993 (ORL)Shaquille O'neal
88.9%
2008 (ORL)Dwight Howard
81%
2012 (OKC)Serge Ibaka
79.2%
10x (1986-1996)Hakeem Olajuwon
76%
2003 (IND)Jermaine O'neal
73.6%
9x (1990-1994)David Robinson
66.5%
10x (1993-2001)Dikembe Mutombo
59.1%
2011 (WAS)JaVale McGee
52%
Year % Correct
2006 (UTA)Andrei Kirilenko
47.2%
1987 (WSB)Manute Bol
38.7%
2x (2002)Ben Wallace
31.3%
6x (1996-1998)Shawn Bradley
31.2%
3x (1998-2007)Marcus Camby
26%
1988 (PHO)Larry Nance
14.1%
1989 (LAC)Benoit Benjamin
8.3%

You're not logged in!

Compare scores with friends on all Sporcle quizzes.
OR
Log In

Show Comments

Extras

Top Quizzes Today


Score Distribution

Your Account Isn't Verified!

In order to create a playlist on Sporcle, you need to verify the email address you used during registration. Go to your Sporcle Settings to finish the process.

Report this User

Report this user for behavior that violates our Community Guidelines.

Details: